| 000 | 01371nam a22002897a 4500 | ||
|---|---|---|---|
| 001 | 7327 | ||
| 003 | FISKH | ||
| 005 | 20250709143839.0 | ||
| 008 | 250709b cb ||||| |||| 00| 0 eng d | ||
| 020 | _a9780590470070 | ||
| 040 |
_aFISKH _beng _cFISKH _dFISKH |
||
| 050 | _aPZ7.M3567585 G | ||
| 082 | _a 813 | ||
| 100 |
_aM.Martin, Ann _d(1955–) |
||
| 245 |
_aThe baby sitters club : _bGet well soon, Mallory! / _cAnn M.Martin |
||
| 250 | _aThis edition first published in 1993 | ||
| 260 |
_aNew York : _bScholastic, _c1993 |
||
| 300 |
_a137 pages : _c20 cm |
||
| 505 | _aR | ||
| 520 | _aMallory comes down with mono and her parents make her quit the Baby-Sitters Club. Ann M. Martin is the creator of The Baby-sitters Club, which has more than 190 million books in print, making it one of the most popular series in the history of publishing. Her novels include A Corner of the Universe (a Newbery Honor Book), Belle Teal, Here Today, A Dog's Life, On Christmas Eve, and the Main Street and Family Tree series, as well as the much-loved collaborations P.S. Longer Letter Later and Snail Mail No More, with Paula Danziger. Ann lives in upstate New York. | ||
| 521 | 8 |
_a700
_bLexile |
|
| 521 | 8 |
_aR
_bRaz-Plus |
|
| 650 |
_2 Ann m. martin _aBaby-Sitters Club |
||
| 650 |
_2Halloween-fiction _a Escape from slaver |
||
| 942 |
_2ddc _cBK _n0 |
||
| 999 |
_c7327 _d7327 |
||